Harry Potter quiz against members of Hogwarts Stats

 Plays Quiz not verified by Sporcle

Challenge
Share
Tweet
Embed
Score 0/27 Timer 04:00
0 Plays Today
Question Answer % Correct
????
100%
????
90.5%
????
73.8%
????
72.3%
????
65.7%
????
65.1%
????
43.3%
????
36.9%
????
28.3%
????
28.3%
????
27.9%
????
26.5%
????
18.7%
????
18.7%
Question Answer % Correct
????
18.6%
????
18.5%
????
16.9%
????
11%
????
9.6%
????
9.6%
????
9.5%
????
9.3%
????
7.3%
????
7%
????
6.6%
????
6.6%
????
6.5%

You're not logged in!

Compare scores with friends on all Sporcle quizzes.
OR
Log In

You Might Also Like...

Show Comments

Extras

Created May 19, 2011ReportNominate
Tags:Hogwarts

Top Quizzes Today


Score Distribution

Your Account Isn't Verified!

In order to create a playlist on Sporcle, you need to verify the email address you used during registration. Go to your Sporcle Settings to finish the process.

Report this User

Report this user for behavior that violates our Community Guidelines.

Details: